000 00457pab a2200169 454500
008 180718b2001 xxu||||| |||| 00| 0 eng d
100 _aLele, Nalini A.
245 _aA model for assessment and accreditation of distance education institutions
260 _c2001
300 _ap.74-78
362 _a3 Sep
650 _aEducational assessment
650 _aDistance education
700 _aBharat Bhushan
773 _aUniversity News
909 _a49950
999 _c49950
_d49950